Представление документа в формате RUSMARC

ПолеНазваниеЗначение
  Тип записи i
  Библиографический уровень m
001 Контрольный номер RU/IS/BASE/418738009
005 Дата корректировки 20250218120908.0
010 Индекс ISBN __
d Цена 192-34
101 Язык документа 0_
a Язык текста rus
200 Заглавие и сведения об ответственности 1_
a Заглавие Путь на Амальтею
e Сведения, относящиеся к заглавию [повести и рассказы : аудиокнига]
f Первые сведения об ответственности братья Стругацкие ; читает заслуж. артист России Владимир Левашев
b Общее обозначение материала Звукозапись
210 Выходные данные 1_
a Место издания М.
c Издательство АРДИС
c Издательство Геликон Плюс
d Дата издания 2012
215 Физическое описание __
a Объем 1 электрон. опт. диск (Audio CD) (07 ч. 37 мин.)
225 Серия 2_
a Серия Фантастика и приключения
300 Общие примечания __
a Общие примечания CD-плеер с поддержкой MP3 или Pentium-233 с Windows 98-XP ; CD-ROM ; звуковая карта ; 192 Kbps ; 16 bit ; 44,1 kHz ; MP3
323 Примечание о главных создателях, исполнителях, участниках __
a Примечание о главных создателях, исполнителях, участниках Левашев, В. (читает)
327 Примечание о содержании 0_
a Примечание о содержании Извне
327 Примечание о содержании 0_
a Примечание о содержании В наше интересное время
327 Примечание о содержании 0_
a Примечание о содержании Песчаная горячка
327 Примечание о содержании 0_
a Примечание о содержании Моби Дик
330 Аннотация __
a Аннотация Аркадий Натанович и Борис Натанович Стругацкие - классики современной научной и социальной фантастики. Произведения Стругацких издавались в переводах на 42 языках в 33 странах мира. На русском языке вышло четыре полных собрания их сочинений.
333 Примечание о целевом назначении __
a Примечание о целевом назначении 12+. Для детей старше 12 лет
606 Тематические рубрики __
a Основная рубрика Художественная литература
606 Тематические рубрики __
a Основная рубрика Русская литература XX в. (произведения)
610 Ключевые слова 0_
a Ключевые слова фантастика; фантастическая проза; фантастические повести; фантастические произведения; тема приключений; советская литература; научная фантастика; тема космоса; фантастическая литература; повести; рассказы
686 Индексы других классификаций __
a Классификационный индекс 84(2=411.2)6-445я04; ст84(2Рос=Рус)6-445я0
700 Автор _1
a Фамилия Стругацкий
b Имя А. Н.
f Даты 1925-1991
g Полное личное имя Аркадий Натанович
4 Код отношения 070
702 Вторичная интеллектуальная ответственность _1
a Фамилия Стругацкий
b Имя Б. Н.
4 Код отношения Автор
f Даты 1933-2012
g Полное личное имя Борис Натанович
4 Код отношения 070
801 Источник записи _0
a Страна RU
b Организация Муниципальное бюджетное учреждение культуры "Централизованная библиотечная система" г. Сургут (Центральная городская библиотека им. А. С. Пушкина)
g Правила каталогизации КиК/Апакова
801 Источник записи _1
a Страна RU
b Организация Муниципальное бюджетное учреждение культуры "Централизованная библиотечная система" г. Сургут (Центральная городская библиотека им. А. С. Пушкина)
g Правила каталогизации КиК/Апакова
852 Данные о местонахождении __
j Шифр хранения 84(2=411.2)6-445я04
i Авторский знак С 87
901 Тип документа __
t Тип документа 0
903 Характеристики (МАРС) __
a Дата передачи 20130408
969 Тип издания __
a Тип издания аудиокнига; издание для слепых; сборник
990 Данные о заказе (DOS) __
j Количество экземпляров (DOS) 9
h N записи в КСУ для Б/У (DOS) 201304